000 00311nam a2200109Ia 4500
008 171211s9999 xx 000 0 und d
245 _aGenetics: A Conceptual Approach, 5th Edition
245 _cBenjamin A. Pierce
260 _c2014
650 _xBiology
856 _uhttp://down.ebook777.com/063/146410946X.pdf
999 _c350371
_d350371